| 000 | 00574nam a2200217Ia 4500 | ||
|---|---|---|---|
| 008 | 210210b2019 xxu||||| |||| 00| 0 eng d | ||
| 020 | _a9789352605224 | ||
| 041 | _aeng | ||
| 082 | _a004.678 KAMI | ||
| 100 | _aKAMAL (Raj) | ||
| 245 | _aInternet of things: architecture and design principles | ||
| 260 |
_aChennai _bMcGraw Hill Education (India) Private Limited _c2019 |
||
| 300 | _axxvii,532 | ||
| 650 | _athings: | ||
| 650 | _aprinciples | ||
| 650 | _aInternet | ||
| 650 | _adesign | ||
| 650 | _aarchitecture | ||
| 690 | _aComputer Science | ||
| 906 | _a074432 | ||
| 999 |
_c125015 _d125015 |
||